00608nam a2200157 a 4500001000800000005001700008008004100025040001800066050002200084100002600106245010900132260002800241300002700269651007500296651007900371BRCA_6320190320202853.0860213s1907 mx-#---###---#000-0#spa-# aDLCcDLCdDLC 4aE405.1b.B34 19071 aBáez, Victoriano D.10aEpisodios históricos de la guerra de la intervención y el segundo imperiocpor Victoriano D. Báez. aOaxacabJ.S. Sotoc1907 avi, iv, 181 p.c17 cm. 4aMéxicoxHistoriayGuerra de intervención estadounidense, 1846-1848 4aMéxicoxHistoriayGuerra de reforma e intervención francesa, 1858-1867